Clubs de Bundesliga (2021-2022) - Statistiques

Statistiques générales
  • Ce quiz a été pris 381 fois
  • Le résultat moyen est 11 sur 18
Statistiques - réponses
Bundesliga % Correct
FC Bayern Munich
99%
Borussia Dortmund
98%
RB Leipzig
86%
TSV Bayer 04 Leverkusen
84%
Eintracht Francfort
68%
FC Union Berlin
68%
VFL Wolfsburg
68%
SC Fribourg
59%
FC Cologne
58%
FSV Mayence 05
55%
Borussia Monchengladbach
53%
Hertha BSC
53%
TSG 1899 Hoffenheim
53%
VfB Stuttgart
53%
VfL Bochum
45%
Greuther Fürth
40%
FC Augsbourg
39%
DSC Arminia Bielefeld
32%
Aucun quiz correspondant
Distribution des résultats
% des personnes avec chaque résultat
Percentile par nombre de réponses
Votre historique - résultats
Vous n’avez pas pris ce quiz